| 000 | 00482nam a2200181 a 4500 | ||
|---|---|---|---|
| 001 | 1754 | ||
| 003 | CDMR | ||
| 005 | 20130412132240.0 | ||
| 008 | 130130s2003||||||||||||||||||||||||||||d | ||
| 020 | _a8408046837 | ||
| 040 |
_aCDMR _bcat _cCDMR |
||
| 100 | 1 |
_aMunsó Cabús, Joan _968 |
|
| 245 | 1 | 0 |
_aJoaquín Soler Serrano _b: a fondo _cJoan Munsó Cabús |
| 260 |
_aBarcelona _c2003 _bPlaneta |
||
| 490 | 0 | _aPlaneta singular | |
| 650 | 0 | 4 |
_93074 _aPeriodistes _vBiografia |
| 942 |
_cMON _2udc |
||
| 999 |
_c1754 _d1754 |
||